000 01260 a2200229 4500
001 50231
005 20260407155802.0
008 260407a1964 arg spa d
003 AR-UNSa-BCEJYS
040 _aAR-UNSa-BCEJYS
_bspa
_cAR-UNSa-BCEJYS
080 _a316
_xSociología
245 1 0 _aEconomía y sociedad
_pesbozo de sociología comprensiva
020 _a968-16-0285-4
250 _a2a. ed.
264 1 _aMéxico :
_bFondo de Cultura Económica
_c1964
300 _a1237 p.
_c24 cm.
505 _aPRIMERA PARTE: TEORÍA DE LAS CATEGORÍAS SOCIOLÓGICAS: 1. Conceptos sociológicos fundamentales - 2. Las categorías sociológicas fundamentales de la vida económica - 3. Los tipos de dominación - 4. Estamentos y clases -- SEGUNDA PARTE: LA ECONOMÍA Y LOS ÓRDENES Y PODERES SOCIALES: 1. La economía y los diversos órdenes - 2. Economía y sociedad en general - 3. Tipos de comunidad y sociedad - 4. Comunidades éticas - 5. Sociología de la comunidad religiosa (Sociología de la religión) - 6. Mercado (incompleto) - 7. Economía y derecho (Sociología del derecho) - 8. Las comunidades políticas - 9. Sociología de la dominación.
041 _aspa
942 _cBK
590 _aniveau_biblio:m niveau_hierar:0
100 1 _aWeber, Max
999 _c4987
_d4987